El control de las operaciones vinculadas en la sociedad cotizada

Bibliographic Details
Main Author: Latorre Chiner, Nuria
Format: eBook
Language:Spanish
Published: Madrid: Marcial Pons, 2020
Subjects:
Online Access:Acceso restringido

MARC

LEADER 00000nam a22000007a 4500
005 20211026225922.0
007 cr|||| ||||
008 211026s2020 es |||||s|||| 00||0 spa d
020 |a 978-84-9123-992-5 
035 |a 33663 
040 |a vLex 
090 |c 12613  |d 12613 
100 1 |a Latorre Chiner, Nuria 
245 1 2 |a El control de las operaciones vinculadas en la sociedad cotizada  |h [Recurso electrn̤ico] /  |c Nuria Latorre Chiner 
256 |a Servicio en ln̕ea 
260 |a Madrid:  |b Marcial Pons,  |c 2020 
300 |a 1 recurso electrn̤ico 
500 |a Las operaciones vinculadas son operaciones que la sociedad realiza con personas que ocupan una posicin̤ clave dentro de la sociedad y que tienen la capacidad de determinar las decisiones societarias o de influir en los procesos de decisin̤. Estos sujetos son, bs̀icamente, los administradores, los socios significativos y, por supuesto, los socios de control, pero tambiň las personas especialmente relacionadas con ellos, como familiares prx̤imos y sociedades bajo su influencia o dominio. Las operaciones con partes vinculadas no son, necesariamente perjudiciales para la sociedad, ni tampoco la parte vinculada tiene como n︢ico props̤ito enriquecerse a toda costa de la sociedad que administra o sobre la que tiene una influencia significativa. Sin embrago, el hecho de que la contraparte pertenezca a los r̤ganos de gobierno de la sociedad o influya en alguno de sus miembros, convierte a estas operaciones en operaciones de conflicto, en las que existe un riesgo agravado de que la sociedad celebre una operacin̤ contraria a sus intereses y favorable a los de la contraparte. La Directiva (UE) 2017/828, de 17 de mayo, por la que se modifica la Directiva 2007/36/CE, para el fomento de la implicacin̤ a largo plazo de los accionistas, ha consagrado la necesidad de implementar regulaciones especf̕icas para las operaciones que las sociedades cotizadas celebren con las partes vinculadas. La presente monografa̕ analiza los retos a los que se enfrentan los legisladores en la transposicin̤ de la Directiva y los mecanismos ms̀ eficaces para alcanzar el objetivo marcado: proteger a la sociedad frente a la extraccin̤ de beneficios privados llevados a cabo por sus "iniders" 
506 1 |a Disponible solo en los productos indicados  |d vLex Global  |d vLex Global (Academic Edition, excluding Law Schools)  |d vLex Global (U.S. Academic Edition, Law Schools)  |d vLex Global (U.S. Academic Edition, excluding Law Schools)  |d vLex Global (Academic Edition, Law Schools) 
650 0 4 |a Derecho Mercantil y de la Empresa  |z Espaą 
650 0 4 |a Sociedades  |z Espaą 
740 0 |a vLex Libros (Servicio en ln̕ea) 
856 4 0 |u https://app.vlex.com/#/sources/33663  |z Acceso restringido 
942 |c BOOK 
999 0 |a Commercial and Company Law 
999 0 |a Companies